UITU Library & LRC     

Assembly language for Intel-based computers / (Record no. 31178)

MARC details
000 -LEADER
fixed length control field 00441nam a2200157Ia 4500
008 - FIXED-LENGTH DATA ELEMENTS--GENERAL INFORMATION
fixed length control field 250522s9999 xx 000 0 und d
020 ## - INTERNATIONAL STANDARD BOOK NUMBER
International Standard Book Number 0136603904 (hardcover)
082 ## - DEWEY DECIMAL CLASSIFICATION NUMBER
Classification number 005.265 IRV
100 ## - MAIN ENTRY--PERSONAL NAME
Personal name Irvine, Kip R.,
245 #0 - TITLE STATEMENT
Title Assembly language for Intel-based computers /
250 ## - EDITION STATEMENT
Edition statement 3rd ed.
260 ## - PUBLICATION, DISTRIBUTION, ETC.
Place of publication, distribution, etc. Upper Saddle River, N.J. :
Name of publisher, distributor, etc. Prentice-Hall,
Date of publication, distribution, etc. 1999
300 ## - PHYSICAL DESCRIPTION
Extent xxix, 676 p. :
600 ## - SUBJECT ADDED ENTRY--PERSONAL NAME
Personal name Computer Science
942 ## - ADDED ENTRY ELEMENTS (KOHA)
Koha item type Gifted & Donated Books
Holdings
Withdrawn status Lost status Damaged status Not for loan Home library Current library Shelving location Date acquired Source of acquisition Total checkouts Full call number Barcode Date last seen Price effective from Koha item type Public note
        UITU Library UITU Library Gifted Books   Gifted by Dr. Waseem Akhter   005.265 IRV G18 05/22/2025 05/22/2025 Gifted & Donated Books Gifted by Dr. Waseem Akhter

Powered by Koha